000 02101nam a2200229Ia 4500
008 220216s9999 xx 000 0 und d
100 _aMandal Debasis
245 0 _aInfluence of NPK fertilizers on early growth of RRII 400 series rubber clones in Tripura
260 _bRubber Science
_c2013
300 _a83-94
520 _aGrowth perfomance of high yielding RRII 400 series clones of rubber (Hevea brasiliensis)viz. RRII 417, RRII 429 and RRII 430 with RRIM 600 as the check clone, was studied during 2004-2011 under the agro-climatic conditions of Tripura. Influence of higher doses of NPK fertilizers on growth of these clones during immature phase of plantation was also investigated. At the end of the seventh year of planting, the clone RRII 429 registered highest girth (51.5 cm) followed by RRIM 600 (49.6cm) and the clone RRII 417 (47 cm) was the lowest. Highest tappability was observed for the clone RRII 429 (67.1;), while on other three clones it ranged from 47.7 to 60.1 per cent. The clone RRII 429 showed significant response towards application of NPK fertilizers. At the end of sixth year of planting, the RRII 429 registered a mean girth of 50.6cm and 73.3 per cent plants attained tappable girth when 150 per cent of reccommended NPK doses were applied. The other three clones required seven years or more to attain a mean girth of 50cm and 70 per cent tappability. The result showed that immaturity period of RRII 429 could be reduced by six months to one year by applying higher doses of NPK. Application of higher doses of NPK fertilizers in soils showed a significant improvement in organic carbon (OC) and available phosphorus, particularly in the surface layer; however a gradual decline in available potassium-balance was recorded in rubber soils indicating potassium vulnerability of soils under rubber in Tripura.
650 _aFertilizer dose
650 _aGrowth
650 _aRubber clones
650 _aSoil Fertility
650 _aTappability
650 _aTripura
700 _aDatta Bhaskar
700 _aDey SK
700 _aPal TK
942 _cJS
999 _c61275
_d61275